[Event "FRA Team Ch"]
[Site "Montpellier"]
[Date "2001.05.01"]
[Round "11.3"]
[White "Arnold, Lothar"]
[Black "Lepelletier, Benoit"]
[Result "1/2-1/2"]
[WhiteElo "2431"]
[BlackElo "2467"]
[Annotator "Bischwiller-Orange"]
[PlyCount "51"]
[EventDate "2001.04.??"]

1. e4 c5 2. Nf3 e6 3. d4 cxd4 4. Nxd4 Nf6 5. Nc3 d6 6. Be2 a6 7. a4 Be7 8. O-O
O-O 9. Be3 b6 10. f4 Bb7 11. Bf3 Qc7 12. Qe1 Nbd7 13. Bf2 e5 14. Nf5 Rfe8 15.
Nxe7+ Rxe7 16. f5 d5 17. exd5 e4 18. Rd1 Re5 19. Be2 Rxf5 20. Bd4 Rg5 21. Qd2
Rg6 22. Be3 Rd8 23. Qd4 Qc8 24. Kh1 a5 25. Rd2 Nc5 26. Qe5 1/2-1/2

[Event "FRA Team Ch"]
[Site "Montpellier"]
[Date "2001.05.01"]
[Round "11.4"]
[White "Mellado Trivino, Juan"]
[Black "Mohebbi, Jaffar"]
[Result "1-0"]
[WhiteElo "2460"]
[BlackElo "2318"]
[Annotator "Orange-Bischwiller"]
[PlyCount "39"]
[EventDate "2001.04.??"]

1. e4 c5 2. Nf3 Nc6 3. c3 Qa5 4. Na3 e6 5. Nc4 Qc7 6. d4 cxd4 7. Nxd4 Nxd4 8.
Qxd4 d6 9. e5 dxe5 10. Nxe5 Bc5 11. Qa4+ Ke7 12. Qf4 f6 13. Ng6+ Kd8 14. Nxh8
e5 15. Qc4 Ne7 16. Be3 Bxe3 17. Nf7+ Kd7 18. fxe3 Nc6 19. O-O-O+ Ke7 20. Nd8
1-0

[Event "FRA Team Ch"]
[Site "Montpellier"]
[Date "2001.05.01"]
[Round "11.5"]
[White "Blot, Jerome"]
[Black "Guadalpi, David"]
[Result "1-0"]
[WhiteElo "2324"]
[BlackElo "2282"]
[Annotator "Bischwiller-Orange"]
[PlyCount "85"]
[EventDate "2001.04.??"]

1. d4 Nf6 2. c4 e6 3. Nc3 Bb4 4. e3 b6 5. Nge2 Ne4 6. Bd2 Nxd2 7. Qxd2 O-O 8.
a3 Be7 9. g3 Bb7 10. d5 e5 11. Bg2 d6 12. O-O Nd7 13. b4 Bc8 14. f4 f5 15. e4
g6 16. exf5 gxf5 17. Bh3 a5 18. Rae1 axb4 19. axb4 Qe8 20. Nb5 Bd8 21. fxe5
Nxe5 22. Qc3 Qh5 23. Nf4 Qh6 24. Qc2 Bd7 25. Nd4 Ra3 26. Bxf5 Bxf5 27. Nxf5 Qf6
28. Ne6 Nf3+ 29. Rxf3 Rxf3 30. Nxf8 Kxf8 31. Rf1 Rxf1+ 32. Kxf1 Qa1+ 33. Kg2
Bf6 34. Qd2 Qe5 35. Qf4 Qe2+ 36. Kh3 Qh5+ 37. Nh4 Kf7 38. b5 Qe2 39. Qf5 Qxc4
40. Qe6+ Kg7 41. Nf5+ Kg6 42. Ne7+ Kh5 43. g4+ 1-0

[Event "FRA Team Ch"]
[Site "Montpellier"]
[Date "2001.05.01"]
[Round "11.6"]
[White "Guidarelli, Laurent"]
[Black "Schneider, Heiko"]
[Result "1-0"]
[WhiteElo "2297"]
[BlackElo "2275"]
[Annotator "Orange-Bischwiller"]
[PlyCount "61"]
[EventDate "2001.04.??"]

1. e4 c5 2. Nc3 e6 3. f4 d5 4. Nf3 dxe4 5. Nxe4 Nf6 6. Nf2 Be7 7. g3 b6 8. Bg2
Bb7 9. O-O O-O 10. b3 Nbd7 11. Bb2 Qc7 12. Qe2 Rfe8 13. Rae1 Rad8 14. Nd3 c4
15. Nde5 cxb3 16. c4 Nxe5 17. fxe5 Ne4 18. axb3 Bb4 19. Rd1 Qe7 20. d4 b5 21.
Nh4 Nc3 22. Bxc3 Bxc3 23. Qe3 b4 24. Bxb7 Qxb7 25. Rf4 Re7 26. Rg4 Red7 27. d5
exd5 28. Nf5 d4 29. Rxg7+ Kh8 30. Rg8+ Kxg8 31. Qg5+ 1-0

[Event "FRA Team Ch"]
[Site "Montpellier"]
[Date "2001.05.01"]
[Round "11.7"]
[White "Hoffmann, Regis"]
[Black "Goldgewicht, Lionel"]
[Result "1/2-1/2"]
[WhiteElo "2177"]
[BlackElo "2345"]
[Annotator "Bischwiller-Orange"]
[PlyCount "74"]
[EventDate "2001.04.??"]

1. d4 e6 2. e4 d5 3. Nd2 c5 4. Ngf3 cxd4 5. exd5 Qxd5 6. Bc4 Qd6 7. O-O Nf6 8.
Nb3 Nc6 9. Nbxd4 Nxd4 10. Qxd4 Bd7 11. Be3 Qxd4 12. Bxd4 Rc8 13. Bb3 Bc5 14.
Rad1 Bxd4 15. Rxd4 Rc5 16. Re1 Ke7 17. Ne5 Rd8 18. f4 Be8 19. Rxd8 Kxd8 20. c3
b5 21. g3 a5 22. a3 g6 23. Bd1 Nd5 24. Bf3 Nb6 25. Re2 Ke7 26. Kf2 Rc8 27. Rd2
f6 28. Ng4 Bc6 29. Bxc6 Rxc6 30. Ne3 Rd6 31. Rxd6 Kxd6 32. Ke2 Na4 33. Nd1 Kd5
34. b3 Nc5 35. b4 axb4 36. axb4 Na4 37. Kd3 e5 1/2-1/2

[Event "FRA Team Ch"]
[Site "Montpellier"]
[Date "2001.05.01"]
[Round "11.8"]
[White "Gachon, Lionel"]
[Black "Peter, Sebastien"]
[Result "1-0"]
[WhiteElo "2237"]
[BlackElo "2194"]
[Annotator "Orange-Bischwiller"]
[PlyCount "81"]
[EventDate "2001.04.??"]

1. Nf3 Nf6 2. g3 b6 3. Bg2 Bb7 4. O-O c5 5. d3 d6 6. e4 e6 7. Nfd2 Be7 8. e5
Bxg2 9. exf6 Bxf1 10. fxe7 Qxe7 11. Nxf1 O-O 12. Nc3 Nc6 13. f4 Rab8 14. Be3 b5
15. Bf2 d5 16. d4 c4 17. Qf3 Qd7 18. g4 f5 19. g5 b4 20. Na4 Nxd4 21. Bxd4 Qxa4
22. Qe3 Rfe8 23. Qe5 Rb7 24. Ne3 Qd7 25. Re1 Rd8 26. Nf1 Re8 27. Ng3 Rbb8 28.
h4 Rbc8 29. h5 Qc7 30. Qe3 a6 31. h6 g6 32. Be5 Qc5 33. Bd4 Qc7 34. Kh2 Qd6 35.
Rg1 Re7 36. Re1 Ree8 37. Ne2 a5 38. Ng1 Rc6 39. Nf3 Ra6 40. Ne5 Rd8 41. Kg2 1-0